000 00407nam a2200181Ia 4500
001 15275
005 20260306165016.0
008 260306t2005||||xx |||||||||||||| ||spa||
041 _aESP
082 _a531.11
_bR59
100 _aRiley, William F.
_eAUT
245 0 _aIngeniería mecánica Dinámica
260 _c2005
300 _a
_c
650 _aGEN
654 _aCCN
942 _cLIB
_dJUS
_fJUS
_2ddc
_n
999 _c15275
_d15275